000 00744nam a2200241Ia 4500
008
020 _a8123908679 (pbk.)
049 _aMAIN
090 _aHD69.P75
_bKER
100 1 _aKerzner, Harold.
245 1 0 _aProject management :
_ba systems approach to planning, scheduling, and controlling /
_cHarold Kerzner.
250 _a2nd ed.
260 _aNew Delhi :
_bVan Nostrand Reinhold,
_c2004.
300 _axv, 937 p. :
_bill. ;
_c22 cm.
504 _aIncludes bibliographical references.
500 _aIncludes index.
650 0 _aProject management.
907 _a.b10292871
_b15-03-11
_c07-03-11
003
005 20230123125148.0
040 _cNUST
942 _cBOOKS
_kHD69.P75
_mKER
999 _c136792
_d136792